000 00634nam a2200217 i 4500
001 103704
003 ES-MaACL
005 20230906183429.0
007 t|
008 060504s2005 sp ||||1| spa d
020 _a84-88186-13-4
080 _a75 Bolumar, Luis
100 1 _aBolumar, Luis.
_930022
245 1 0 _aLuis Bolumar
_b: desde mi estudio /
_c[entrevistador Manuel Vila-Mabela].
250 _a1ª ed.
260 _aMadrid :
_bManuel Rodríguez Díaz,
_c2005.
300 _a[36] p. ;
_c21 cm.
600 1 4 _aBolumar, Luis.
_930022
700 1 _aVila-Mabela, Manuel.
_9114727
852 _aES-MaACL
_j2201-F-11
_bR.137059
999 _c103704
_d103704